Statistics for NASCAR Xfinity Series Champions

Click here to take the quiz!

General Stats

  • This quiz has been taken 332 times
    (71 since last reset)
  • The average score is 23 of 42

Answer Stats

YearChampion% Correct
2009Kyle Busch
90%
2023Cole Custer
88%
2020Austin Cindric
84%
1998Dale Earnhardt, Jr.
84%
1999Dale Earnhardt, Jr.
84%
2022Ty Gibbs
84%
2014Chase Elliott
82%
2006Kevin Harvick
80%
2001Kevin Harvick
80%
2016Daniel Suarez
78%
2019Tyler Reddick
78%
2018Tyler Reddick
78%
2017William Byron
78%
2010Brad Keselowski
73%
2013Austin Dillon
71%
2021Daniel Hemric
67%
2007Carl Edwards
65%
2015Chris Buescher
65%
2011Ricky Stenhouse, Jr.
57%
2012Ricky Stenhouse, Jr.
57%
2004Martin Truex, Jr.
55%
2005Martin Truex, Jr.
55%
1991Bobby Labonte
45%
2008Clint Bowyer
45%
1994David Green
43%
2000Jeff Green
43%
2002Greg Biffle
41%
2003Brian Vickers
39%
1997Randy LaJoie
39%
1996Randy LaJoie
39%
1992Joe Nemechek
33%
1983Sam Ard
33%
1984Sam Ard
33%
1985Jack Ingram
31%
1982Jack Ingram
31%
1987Larry Pearson
27%
1986Larry Pearson
27%
1995Johnny Benson, Jr.
24%
1988Tommy Ellis
20%
1990Chuck Bown
16%
1989Rob Moroso
14%
1993Steve Grissom
14%

Score Distribution

Percentile by Number Answered

Percent of People with Each Score

Your Score History

You have not taken this quiz since the last reset